Sports Quiz

Random Sports or Canada Quiz

Canadians in SM-Liiga part 1 Quiz Stats

 Plays Quiz not verified by Sporcle

Challenge
Share
Tweet
Embed
Score 0/80 Timer 15:00
0 Plays Today
Seasons Player % Correct
80-82, 88-89Jim Bedard
69.2%
68-69Carl Brewer
69.2%
77-79Terry Ball
68.1%
85-90Darren Boyko
64.8%
86-90Mal Davis
64.8%
68-69Leigh Bannister
63.7%
88-89Brad Beck
61.5%
88-89Luciano Borsato
60.4%
87-88Neil Belland
59.3%
78-79Robert Barnes
57.1%
87-88Guy Benoit
54.9%
76-77Mike Boland
53.8%
87-88Tom Draper
53.8%
88-89Rejean Boivin
52.7%
76-77, 78-79David Conte
52.7%
86-89Dale Derkatch
52.7%
88-89Dave Donnelly
50.5%
80-81Don Cutts
49.5%
85-87Jordy Douglas
49.5%
89-90Stuart Burnie
48.4%
87-88Bruce Eakin
48.4%
88-89Steve Graves
48.4%
83-84Mike Carr
47.3%
87-88Wayne Groulx
47.3%
86-88Mark Jooris
47.3%
77-78Alan Globensky
46.2%
71-73, 74-75Robert Lamoureux
45.1%
87-90Allan Measures
45.1%
88-89Alain Lemieux
44%
71-72Len Lunde
44%
86-87Brent Sapergia
42.9%
88-89Steve Gatzos
41.8%
80-81 Richard Grenier
41.8%
76-77Mike Hyndman
41.8%
88-89Grant Martin
41.8%
85-90Steve Peters
41.8%
88-89Steve Harrison
40.7%
89-90Tony Joseph
40.7%
89-90Mike O'Neill
40.7%
86-90Gary Yaremchuk
40.7%
Seasons Player % Correct
87-88Donald Fraser
39.6%
85-86Chris Kontos
39.6%
88-90Jim Leavins
39.6%
78-82Henry Lehvonen
39.6%
78-81Frank Neal
39.6%
85-86Steve Smith
39.6%
77-78Chuck Lefley
38.5%
81-82Carey Wilson
38.5%
82-83Geoff Wilson
38.5%
86-87Rob Lavoie
37.4%
86-87Darren Lowe
37.4%
81-82Charles Luksa
37.4%
88-90Doug Kostynski
36.3%
88-89Daryl Reaugh
36.3%
65-66Gerald Matheson
35.2%
89-90Dave Moylan
35.2%
87-88John Ollsson
35.2%
86-87John Newberry
34.1%
83-84Benoit Perreault
34.1%
89-90Dave Reierson
34.1%
63-65Gerald Sullivan
34.1%
62-63Henry Åkerwall
34.1%
80-81Stuart Ostlund
33%
87-88Geordie Robertson
33%
86-87, 88-90Wayne Thompson
33%
88-89Len Nielsen
31.9%
85-87Brad Palmer
31.9%
78-79Barry Salovaara
31.9%
60-62Arthur Pearson
30.8%
80-81Tom Regnier
30.8%
87-88Pierre Rioux
30.8%
77-78Tom Serviss
30.8%
80-81Peter Scamurra
29.7%
87-88Mickey Volcan
29.7%
80-81Peter Shier
28.6%
87-88Rick Strachan
28.6%
82-83Pierre Sevigny
27.5%
82-83Christian Thellend
27.5%
87-88Brian Verbeek
27.5%
81-82Theran Welsh
26.4%

You're not logged in!

Compare scores with friends on all Sporcle quizzes.
OR
Log In

You Might Also Like...

Show Comments

Extras

Top Quizzes Today


Score Distribution

Your Account Isn't Verified!

In order to create a playlist on Sporcle, you need to verify the email address you used during registration. Go to your Sporcle Settings to finish the process.

Report this User

Report this user for behavior that violates our Community Guidelines.

Details: